ঢ়
ক্ষ
ড়
ঢ়
য়
র-ফলা‌‌‌
 
 
য-ফলা
ি
 
 
রেফ
 
 
 
যুক্ত করুন/হসন্ত
Space
Enter

Jurisprudence : (Record no. 1063)

000 -LEADER
fixed length control field 00799nam a2200253 a 4500
001 - CONTROL NUMBER
control field 9994
003 - CONTROL NUMBER IDENTIFIER
control field BD-DhUAP
005 - DATE AND TIME OF LATEST TRANSACTION
control field 20200202140452.0
008 - FIXED-LENGTH DATA ELEMENTS--GENERAL INFORMATION
fixed length control field 200202r20041994ii a b 000 0 eng d
040 ## - CATALOGING SOURCE
Original cataloging agency DLC
Transcribing agency BD-DhUAP
Modifying agency BD-DhUAP
Language of cataloging Eng
082 00 - DEWEY DECIMAL CLASSIFICATION NUMBER
Classification number 340 TAN
Edition number 23
100 1# - MAIN ENTRY--PERSONAL NAME
Personal name Tandon, Mahesh Prasad.
245 14 - TITLE STATEMENT
Title Jurisprudence :
Remainder of title (Legal Theory) /
Statement of responsibility, etc. Mahesh Prasad Tandon and Rajesh Tandon.
250 ## - EDITION STATEMENT
Edition statement 16th ed.
260 ## - PUBLICATION, DISTRIBUTION, ETC.
Place of publication, distribution, etc. Faridabad-Haryana :
Name of publisher, distributor, etc. Allahabad Law Agency,
Date of publication, distribution, etc. c1994 [Reprinted 2004].
300 ## - PHYSICAL DESCRIPTION
Extent xvi, 480 pages :
Other physical details illustrations ;
Dimensions 24 cm.
504 ## - BIBLIOGRAPHY, ETC. NOTE
Bibliography, etc. note Includes bibliography and index.
650 #0 - SUBJECT ADDED ENTRY--TOPICAL TERM
Topical term or geographic name entry element Jurisprudence
650 #0 - SUBJECT ADDED ENTRY--TOPICAL TERM
Topical term or geographic name entry element Law
Form subdivision Philosophy.
650 #0 - SUBJECT ADDED ENTRY--TOPICAL TERM
Topical term or geographic name entry element Civil law
Geographic subdivision India.
700 ## - ADDED ENTRY--PERSONAL NAME
Personal name Tandon, Rajesh.
942 ## - ADDED ENTRY ELEMENTS (KOHA)
Source of classification or shelving scheme
Koha item type Book
Holdings
Withdrawn status Lost status Source of classification or shelving scheme Damaged status Not for loan Permanent Location Current Location Shelving location Date acquired Full call number Barcode Date last seen Copy number Price effective from Koha item type
          UAP Central Library UAP Central Library General Stacks 2020-02-02 340 TAN 3010009994 2020-02-02 1 2020-02-02 Book
          UAP Central Library UAP Central Library General Stacks 2020-02-02 340 TAN 3010009993 2020-02-02 2 2020-02-02 Book
          UAP Central Library UAP Central Library General Stacks 2020-02-02 340 TAN 3010009992 2020-02-02 3 2020-02-02 Book

All rights reserved © UAP Central Library,
University of Asia Pacific.